Scramble - Países del mundo - Estadísticas

Estadísticas generales
  • Esta prueba ha sido intentada 202 veces
  • La puntuación promedio es 11 de 14
Estadísticas de respuestas
Respuesta % Correcto
Omán
85%
Canadá
83%
Tayikistán
83%
Camboya
79%
Finlandia
79%
Grecia
79%
Paraguay
78%
Mongolia
75%
Madagascar
73%
Liberia
72%
Surinam
72%
Estonia
69%
Nueva Zelanda
69%
Singapur
67%
No se encontraron pruebas coincidentes
Distribución de puntuación
Porcentaje de gente con cada puntuación
Porcentaje por número respondido
Historial de tus puntuaciones
No has intentado esta prueba.